Регионална библиотека "Любен Каравелов" - Русе

Избрани стихотворения (Запис номер 134617)

MARC детайли
000 -Лидер
Контролно поле с фиксирана дължина 01171nam a2200301 c 4500
003 - Код на организацията, давaща контролен номер
Контролно поле BLK
005 - Дата и час на последна редакция
Контролно поле 20241114005504.0
008 - Елементи от данни с фиксирана дължина
fixed length control field 180409b bul|||||r ||||||| ||bul||
010 ## - Наследен системен номер
LC control number KNG00140532000
040 ## - Източник на каталожния запис
Идентификатор на билиотеката - собственик на записа BLK
041 ## - Код за език
Код за езика на текст/звукозапис или на отделно заглавие Български
Код за езика КДБФ Български
080 ## - УДК
Текстов определител УДК Българска литература
УДК код - определител по УДК 821.163.2
УДК определител -1(081.2)
УДК - код + определител 821.163.2-1(081.2)
100 ## - Редна дума - Автор
Автор Габе, Дора Петрова
Автор - информация (биография) Поетеса и писателка. Преводачка от полски език.
Дати, свързани с автора 1886-1983
Пълна форма на името Габе, Изидора Петрова
R(LIN) 369524
139 ## - Редно поле
Редна дума Габе, Дора Петрова
Авторски знак Габ - Г 13
245 10 - Сведения за заглавието
Заглавие Избрани стихотворения
Редно поле (дума) Дора Габе.
257 ## - Страна на издаване
Страна на създаване/издаване България
260 ## - Област на издателските данни
-- Варна
Име на издателя, разпространителя и проч. Георги Бакалов
Година на издаване 1982
Печатница София : Балкан
300 ## - Физическа характеристика
Страници 44 с.
Размери/Мащаб 21 см
Съпровождащи материали Грамофонна плоча
380 ## - Жанр
Жанр Худож. лит.
490 1# - СЕРИИ (Колекции)
Име на серия Слово звук
500 ## - Общи забележки
Забележка Кн. е деп. 1984 г. - 3 106 тир.
852 ## - Местоположение
Форматна сигнатура Цб 125493
856 4# - Електронен адрес и достъп
Електронен формат pdf - файл
Път до файла /url/
856 4# - Електронен адрес и достъп
Електронен формат pdf - файл
Път до файла /url/
942 ## - АРТИКУЛИ
Вид на библиотечния материал Книги
Скрит в OPAC Не
Koha issues (borrowed), all copies 1
944 ## - СЪЗДАВАНЕ И РЕДАКЦИЯ на ЗАПИСА
Създаване/Редакция Създаване
Дата на регистрацията/редакция 11.03.2013
Статус, дата на статуса CRON CRON
Служител, извършил регистрацията/редакцията
944 ## - СЪЗДАВАНЕ И РЕДАКЦИЯ на ЗАПИСА
Създаване/Редакция Редакция
Дата на регистрацията/редакция 11.03.2013
Статус, дата на статуса 11.03.2013 - от С1,Р / 11.03.2013
Служител, извършил регистрацията/редакцията
999 ## - СИСТЕМНИ КОНТРОЛНИ НОМЕРА
Koha biblionumber 134617
Koha biblioitemnumber 134617
Наличности
Код за отписване Код за изгубен артикул Източник на класификационната схема Код за повреда Коз за рестрикции Код за отдаване Артикулен № Име на библиотеката - собственик Име на библиотеката, в която се намира в момента Статус (Текущо местоположение) Дата на вписване в системата Местоположение - отдел Цена в лева Инвентарен номер Систематично азбучна сигнатура Баркод Номер на екземпляра Цена в евро Служебна бележка Служебен тип на артикула
  Не е изгубен Universal Decimal Classification Не е повреден без рестрикции ползва се в читалня 220037 Регионална библиотека "Любен Каравелов" Русе Регионална библиотека "Любен Каравелов" Русе Хранилище 1982-01-01 Хранилище 2.00 401373 Цб 125493 900000012663 1 1.02 Дост: Dp Вид: Д N: стар фонд Дата: 01.01.1982 Книги
  Не е изгубен Universal Decimal Classification Не е повреден без рестрикции заемане за дома 220038 Регионална библиотека "Любен Каравелов" Русе Регионална библиотека "Любен Каравелов" Русе Заемна - подръчен фонд 1982-01-01 Заемна - подръчен фонд 2.00 379800 П 886.7-1/Г 13 120000379800 2 1.02 Дост: Pk Вид: Ф N: стар фонд Дата: 01.01.1982 Дата инв: 03.08.2015 Бележки инв: Д2015 Книги
Изтеглен Не е изгубен Universal Decimal Classification Не е повреден без рестрикции заемане за дома 220039 Регионална библиотека "Любен Каравелов" Русе Регионална библиотека "Любен Каравелов" Русе Заемна - подръчен фонд 1982-01-01 Заемна - подръчен фонд 2.00 379801 П 886.7-1/Г 13 379801 3 1.02 Дост: Pk Вид: Ф N: стар фонд Дата: 01.01.1982 Дата инв: 15.02.2018 Бележки инв: П2018 Книги
Vip Innovations Ltd, Rousse, Bulgaria 2025